00848nam a22001937a 4500003000400000005001700004008003900021040002500060100002400085245005900109260004700168300002100215500007600236500019700312700003000509942001400539952008400553999001700637OSt20201027105841.0201023b 1986 dr 00| 0 eng d aDO-SdBNPbspacBNPHU1 aVanier, Jean94384810aIdentidad del arca /cJean Vanier, Claire de Miribel.  aSanto Domingo : bAmigo del Hogar, c1986? a32 p. ;c21 cm.  aArtículo de Jean Vanier, publicado en cartas del Arca. Septiembre 86. aClaire de Miribel, coordinadora Internacional del Arca desde hace cuatro años, llego al arca en 1972. Vive en el hogar de Massabielle. Su artículo continua y completa el de Jean Vanier.1 aMiribel, Claire de977010 2ddccLBS1 00102ddc708MOaBNPHUbBNPHUcCTd2020-10-23l0r2020-10-23w2020-10-23yLBS1 c48953d48953